Geografía dinámica (Registro nro. 3104)

Detalles MARC
000 -LEADER
fixed length control field 01599 a2200193 4500
001 - CONTROL NUMBER
control field 39771
005 - DATE AND TIME OF LATEST TRANSACTION
control field 20260407155654.0
008 - FIXED-LENGTH DATA ELEMENTS--GENERAL INFORMATION
fixed length control field 260407a1965 arg spa d
003 - CONTROL NUMBER IDENTIFIER
control field AR-UNSa-BCEJYS
040 ## - CATALOGING SOURCE
Original cataloging agency AR-UNSa-BCEJYS
Language of cataloging spa
Transcribing agency AR-UNSa-BCEJYS
080 ## - UNIVERSAL DECIMAL CLASSIFICATION NUMBER
Universal Decimal Classification number 913(5/6)
Common auxiliary subdivision Geografía de Asia y Africa
100 1# - MAIN ENTRY--PERSONAL NAME
Personal name Perpillou, Aime Vincent
245 10 - TITLE STATEMENT
Title Geografía dinámica
Name of part/section of a work Europa y Oceánia
264 #1 - PRODUCTION, PUBLICATION, DISTRIBUTION, MANUFACTURE, AND COPYRIGHT NOTICE
Place of production, publication, distribution, manufacture Buenos Aires :
Name of producer, publisher, distributor, manufacturer Kapelusz
Date of production, publication, distribution, manufacture, or copyright notice 1965
300 ## - PHYSICAL DESCRIPTION
Extent 275 p.
Dimensions 24 cm.
505 ## - FORMATTED CONTENTS NOTE
Formatted contents note Europa: 1. Europa en el Mundo - 2. El relieve - 3. Mares y costas - 4. El clima - 5. Consecuencias del clima: los regímenes fluviales y los dominios vegetales - 6. La población - 7. La economía de Europa - Los países mediterraneo : 8. La península Ibérica - 9. Italia - 10. Albania, Grecia y Turquía europea - Europa del Noroeste: 11. Francia: las regiones - 12. La economía francesa - 13. La Isla Británicas: sus regiones - 14. El Reino Unido : agricultura e industria - 15. El Reino Unido,potencia mundial - 16. Los países bajos - 17. Bélgica y luxemburgo - Europa del Norte : 18. Noruega, Dinamarca, Islandia - 19. Suecia y Finlandia - Europa Central y Danubiana: 20. Alemania: Las regiones - 21. La economía alemana - 22. Los pequeños estados alpinos: Suiza y Austria - 23. Polonia - 24. Checoslovaquía y Hungría - 25. Rumania y Bulgaria - 26. Yugoslavia - Unión Sovietica: 27. Unión Soviética: Los factores naturales - 28. La economía soviética - Oceanía: 29. Oceanía : Australia - 30. Oceanía : Los archipielagos - Vocabulario
590 ## - LOCAL NOTE (RLIN)
Local note niveau_biblio:m niveau_hierar:0
942 ## - ADDED ENTRY ELEMENTS (KOHA)
Koha item type
Existencias
Withdrawn status Lost status Damaged status Not for loan Home library Current library Shelving location Date acquired Total checkouts Full call number Barcode Date last seen Price effective from Koha item type
        Biblioteca Prof. Eusebio Cleto del Rey Biblioteca Prof. Eusebio Cleto del Rey   07/04/2026   913(5/6) P426 L20901 07/04/2026 07/04/2026 Libro